000 00455nam a2200169 i 4500
001 bg
100 1 _aGu~7revič, Aleksandr Grigo~7revič.
245 1 0 _aMagnitnyj rezonans v ferritach i antiferromagnetikach /
_cA.G. Gurevič.
260 _aMoskva :
_b"Nauka",
_c1973.
650 9 _aFerromagnetyki
650 9 _aRezonans magnetyczny
040 _cBPK
041 _apol
080 _a537.6
942 _cKS
008 s pl f |000 0 pol
999 _c26250
_d26250
856 _uhttp://koha.tu.koszalin.pl/cgi-bin/koha/opac-detail.pl?biblionumber=26250
_yKatalog online BPK